Matilde, ó memorias de la historia de las Cruzadas (Record no. 6994)
[ view plain ]
| 000 -CABECERA | |
|---|---|
| campo de control de longitud fija | 00986nam a2200253 a 4500 |
| 001 - NÚMERO DE CONTROL | |
| campo de control | BRCA_7318 |
| 005 - FECHA Y HORA DE LA ÚLTIMA TRANSACCIÓN | |
| campo de control | 20190320205806.0 |
| 008 - DATOS DE LONGITUD FIJA--INFORMACIÓN GENERAL | |
| campo de control de longitud fija | 100712m18521853mx-a######---#000-0#spa-# |
| 041 ## - CÓDIGO DE LENGUA | |
| Código de lengua del texto/banda sonora o título independiente | spa |
| 044 ## - CÓDIGO DEL PAÍS DE LA ENTIDAD EDITORA/PRODUCTORA | |
| Código MARC del país | mx |
| 050 #4 - SIGNATURA TOPOGRÁFICA DE LA BIBLIOTECA DEL CONGRESO | |
| Número de clasificación | PQ2167 |
| Número de documento/Ítem | .C68 1852 |
| 245 10 - MENCIÓN DE TÍTULO | |
| Título | Matilde, ó memorias de la historia de las Cruzadas |
| Mención de responsabilidad, etc. | novela escrita en francés por Madama Cottin ; traducida al español por D. Manuel A. Tabat. Aumentada con el sitio de Constantinopla. |
| 260 ## - PUBLICACIÓN, DISTRIBUCIÓN, ETC. | |
| Lugar de publicación, distribución, etc. | México |
| Nombre del editor, distribuidor, etc. | Vicente Segura Argüelles |
| Fecha de publicación, distribución, etc. | 1852-1853 |
| 300 ## - DESCRIPCIÓN FÍSICA | |
| Extensión | 2 v. |
| Otras características físicas | il. |
| Dimensiones | 15 cm. |
| 440 #0 - MENCIÓN DE SERIE/PUNTO DE ACCESO ADICIONAL--TÍTULO | |
| Título | Biblioteca del Omnibus. Sección de Novelas |
| 9 (RLIN) | 18095 |
| 500 ## - NOTA GENERAL | |
| Nota general | Estado físico: lomo deteriorado en ambos volúmenes y el v.1. muestra presencia de pececillo de plata |
| 500 ## - NOTA GENERAL | |
| Nota general | N3 |
| 650 14 - PUNTO DE ACCESO ADICIONAL DE MATERIA--TÉRMINO DE MATERIA | |
| Término de materia o nombre geográfico como elemento de entrada | Cruzadas |
| Subdivisión de forma | Novela |
| 9 (RLIN) | 18096 |
| 650 14 - PUNTO DE ACCESO ADICIONAL DE MATERIA--TÉRMINO DE MATERIA | |
| Término de materia o nombre geográfico como elemento de entrada | Literatura francesa |
| Subdivisión de forma | Novela |
| 9 (RLIN) | 15456 |
| 700 1# - PUNTO DE ACCESO ADICIONAL--NOMBRE DE PERSONA | |
| Nombre de persona | Cottin, Marie (Risteau) |
| Títulos y otros términos asociados al nombre | llamada Sophie |
| 9 (RLIN) | 18097 |
| 700 1# - PUNTO DE ACCESO ADICIONAL--NOMBRE DE PERSONA | |
| Nombre de persona | Tabat, D. Manuel A. |
| Término indicativo de función/relación | Traductor |
| 9 (RLIN) | 18098 |
| 902 ## - CATALOGADOR | |
| Iniciales | GFM |
| 942 ## - ELEMENTOS DE PUNTO DE ACCESO ADICIONAL (KOHA) | |
| Fuente del sistema de clasificación o colocación | Library of Congress Classification |
| Tipo de ítem Koha | Libros |
| Estado de retiro | Estado de pérdida | Estado dañado | No para préstamo | Localización permanente | Ubicación/localización actual | Fecha de adquisición | Número de inventario | Total de préstamos | Signatura topográfica completa | Código de barras | Fecha visto por última vez | Precio válido a partir de | Tipo de ítem Koha |
|---|---|---|---|---|---|---|---|---|---|---|---|---|---|
| El ejemplar forma parte de la colección y puede ser consultado según las políticas vigentes. | Biblioteca del Museo Franz Mayer (Rogerio Casas-Alatriste) | Biblioteca del Museo Franz Mayer (Rogerio Casas-Alatriste) | 10/07/2012 | N3 | PQ2167 .C68 1852 (N3) | 7901 | 22/03/2019 | 22/03/2019 | Libros |